History Quiz

Random History or Nation Quiz

US States with One House Member Quiz Stats

 Plays Quiz Updated Apr 2, 2018

Challenge
Share
Tweet
Score 0/7 Timer 02:00
2 Plays Today
% Correct
WY
83.1%
ND
77.8%
MT
76.6%
AK
71.7%
SD
70.9%
VT
49.5%
DE
45.4%

You're not logged in!

Compare scores with friends on all Sporcle quizzes.
Join for Free
OR
Log In

You Might Also Like...

Show Comments

Extras

Top Quizzes Today


Score Distribution

Your Account Isn't Verified!

In order to create a playlist on Sporcle, you need to verify the email address you used during registration. Go to your Sporcle Settings to finish the process.

Report this User

Report this user for behavior that violates our Community Guidelines.

Details: